000
00290nam a22001217a 4500
999
_c
167551
_d
167551
082
_a
_b
100
_a
Suppard S J M
245
_a
Studies and essays in english literature/
_c
by Suppard S J M.
260
_a
New Delhi:
_b
Discovery,
_c
1993.
300
_a
308p.
650
_a
942
_c
BK